00437 2200169 4500001002100000005001500021035002000036245004600056100002300102250000600125300002200131260004800153082001200201084001800213020001800231650001800249INLIS00000000000126620240913102021 a0010-09240000461 aorang NU berpolitik /cburhanuddin saputu0 aburhanuddin saputu a1 a150 ;c17 x 15 cm aJakarta pusat :bnusaindo consultant,c2010 a297.272 a297.272 BUR o a9786029565423 4apolitik islam